Designing better buildings (Record no. 103900)

MARC details
000 -LEADER
fixed length control field 01114cam a2200217 4500
008 - FIXED-LENGTH DATA ELEMENTS--GENERAL INFORMATION
fixed length control field 040112n2003 000 0 eng u
020 ## - INTERNATIONAL STANDARD BOOK NUMBER
International Standard Book Number 0203563328
035 ## - SYSTEM CONTROL NUMBER
System control number (Sirsi) u128366
041 ## - LANGUAGE CODE
Language code of text/sound track or separate title eng
050 ## - LIBRARY OF CONGRESS CALL NUMBER
Classification number 721
-- 18
245 ## - TITLE STATEMENT
Title Designing better buildings
Remainder of title quality and value in the built environment
260 ## - PUBLICATION, DISTRIBUTION, ETC.
Place of publication, distribution, etc. London
Name of publisher, distributor, etc. Spon
Date of publication, distribution, etc. 2003
520 ## - SUMMARY, ETC.
Summary, etc. This illustrated book written by practitioners, clients, academics and other experts presents the latest thinking on what design quality is and how it can be achieved. Summarises the benefits that arise from good design with the benefits illustrated through case study examples. Part one describes the perspective of clients and what they expect from design, with part two presenting case studies. Part three examines the processes necessary to achieve design quality, whilst part four discusses the issue of measuring design quality.
650 ## - SUBJECT ADDED ENTRY--TOPICAL TERM
Topical term or geographic name entry element ARCHITECTURE
650 ## - SUBJECT ADDED ENTRY--TOPICAL TERM
Topical term or geographic name entry element DESIGN
650 ## - SUBJECT ADDED ENTRY--TOPICAL TERM
Topical term or geographic name entry element DESIGN PRINCIPLES
650 ## - SUBJECT ADDED ENTRY--TOPICAL TERM
Topical term or geographic name entry element DESIGN QUALITY
690 ## - LOCAL SUBJECT ADDED ENTRY--TOPICAL TERM (OCLC, RLIN)
Topical term or geographic name as entry element BUILT ENVIRONMENT-CONSTRUCTION DESIGN
700 ## - ADDED ENTRY--PERSONAL NAME
Personal name Macmillan, Sebastian
942 ## - ADDED ENTRY ELEMENTS (KOHA)
Suppress in OPAC 0
Holdings
Withdrawn status Lost status Source of classification or shelving scheme Damaged status Not for loan Home library Current library Shelving location Date acquired Total Checkouts Full call number Barcode Date last seen Copy number Price effective from Koha item type
    Dewey Decimal Classification     Virtual Virtual Online 20/12/2004   ONLINE PUBLICATION 128366-2001 06/08/2019 1 06/08/2019 Book